El proceso de la educación / (Record no. 1365)

000 -CABECERA
fixed length control field 00890nam a22002297a 4500
003 - IDENTIFICADOR DEL NÚMERO DE CONTROL
control field AR-CdUCM
008 - DATOS DE LONGITUD FIJA--INFORMACIÓN GENERAL
fixed length control field 190226b ||||| |||| 00| 0 spa d
040 ## - FUENTE DE LA CATALOGACIÓN
Agencia/entidad que catalogó originalmente la obra MUNICIPALIDAD PROVINCIAL DEL CUSCO
Entidad que transcribió la catalogación BIBLIOTECA MUNICIPAL DEL CUSCO
082 ## - NÚMERO DE LA CLASIFICACIÓN DECIMAL DEWEY
No. de Clasificación 370.7 /
Notacion interna B85
100 ## - ENTRADA PRINCIPAL--NOMBRE DE PERSONA
Nombre Personal Bruner, Jerome S.
245 ## - MENCIÓN DE TÍTULO
Título El proceso de la educación /
260 ## - PUBLICACIÓN, DISTRIBUCIÓN, ETC.
Lugar de publicación, distribución, etc. México :
Nombre de la editorial, distribuidor, etc. Unión Tipográfica Editorial Hispano Americana (UTEHA),
Fecha de publicación, distribución, etc. 1960.
300 ## - DESCRIPCIÓN FÍSICA
Nº de Páginas Extensión XVI, 149 páginas ;
Dimensiones 17 cm.
440 ## - MENCIÓN DE SERIE/PUNTO DE ACCESO ADICIONAL--TÍTULO
Título Educación
Número de la parte/sección de una obra : 17
9 (RLIN) 5220
505 ## - NOTA DE CONTENIDO CON FORMATO
Nota de contenido formateada Contenido: Importancia de la estructura -- Disposición para aprender -- Pensamiento intuitivo y analítico -- Motivos para aprender -- Ayudas para la enseñanza.
650 ## - PUNTO DE ACCESO ADICIONAL DE MATERIA--TÉRMINO DE MATERIA
Descriptor Educación
9 (RLIN) 460
650 ## - PUNTO DE ACCESO ADICIONAL DE MATERIA--TÉRMINO DE MATERIA
Descriptor Procesos de educación
9 (RLIN) 5221
700 ## - PUNTO DE ACCESO ADICIONAL--NOMBRE DE PERSONA
Nombre Personal Palomar, Carlos (Traductor)
9 (RLIN) 5222
942 ## - ELEMENTOS DE PUNTO DE ACCESO ADICIONAL (KOHA)
Fuente de clasificación
Tipo de item Libros-BMC
945 ## - PROCESAMIENTO DE INFORMACIÓN LOCAL (OCLC)
Catalogador lccs
AAAA-MM-DD - Fecha de ingreso o modificacion 2019-02-26
Holdings
Estado de retiro (separado) Fuente de clasificación o esquema de estanterías Estado dañado Ubicación Sala donde se ubica Nombre de la colección Fecha de adquisición o compra Costo, precio normal en soles Signatura topográfica Código de Barras Última vez visto (Koha) Tipo de ítem (Koha) Número de Ejemplar
No     Sala Humanidades Sala Humanidades Book Cart 2019-02-26 20.00 370.7 / B85 SH0000001481 2019-02-26 Libros-BMC  
No     Sala Humanidades Sala Humanidades Book Cart 2019-02-26 20.00 370.7 / B85 / e.2 SH0000008484 2019-03-21 Libros-BMC 2ej.

Powered by Koha